00892nam a2200253Ia 450000500170000000800410001702000190005824500660007725000390014330000500018249000260023265000300025865000320028865000350032065000380035565000400039370000380043326400330047133600270050433700330053133800280056404000350059208400110062720220317001138.0160825s2007 ck a g 000 0 spa  a9789583008901213aLa perla del dragóncilustraciones Juan Sierra Carrasquilla a1a. edición b2a. reimpresión  a8 páginas bilustraciones en color c27 cm  aBiblioteca del cuento142LEMBaCuentos infantiles 142LEMB aLiteratura Infantil 142LEMBaPerlas en la literatura 142LEMB aAnimales en la literatura 142LEMB aVacaciones en la literatura 1 aSierra Carrasquilla, Juan Ramón aBogotábPanamericanac2007 atextobtxt2rdacontent asin mediaciónbn2rdamedia avolumenbnc2rdacarrier aCO-BoRNBPbspaerdacCO-BoRNBP aC PER9